1290 1410 1031 1247 1551 1064 1786 1273 1315 1302 1978 1103 1411 1807 1612 1904 1840 1462 1072 1807 1351 1155 1688 1762 1242 1549 1785 1118 1726 1945 1519 1239 1163 1228 1410 1859 1907 1900 1442 1598 1726 1905 1800 1707 1948 1863 1501 1825 1804 1900 1088 1976 1772 1590 1536 1900 1335 1773 1827 1661 1132 1241 1626 1297 1118 1643 1956 1201 1494 1943 1981 1292 1645 1451 1545 1246 1636 1310 1553 1692 1806 1878 1954 1489 1872 1477 1272 1168 1834 1389 1732 1054 1123 1630 1973 1346 1655 1539 1303 BCNSPRNW ULIB Ver.6.0+V

เปลี่ยนเป็นภาษาไทย

Change to English
 แสดงรายละเอียดบรรณานุกรม
  กลับหน้าหลัก

Brief Record : Get Marc (ISO 2709) : E-mail record : QR code < ปิดหน้าต่าง
LEADER : 00000nam a2200000 a 4500
001    13399128338
003     ULIB
008    230608s2565 th a 000 0 tha d
020    ^a9786163987044 (ล.3)
040    ^anss
060 04 ^aWY150^bก469 ล.3
245 00 ^aการปฏิบัติการพยาบาลทางอายุรกรรม เล่ม 3 /^cบรรณาธิการ ทิพาพรวงศ์หงษ์กุล และศิริรัตน์ ปานอุทัย
250    ^aพิมพ์ครั้งที่ 1
260    ^aเชียงใหม่ :^bโครงการตำราคณะพยาบาลศาสตร์ มหาวิทยาลัยเชียงใหม่,^c2565
300    ^axiii, 336 หน้า :^bภาพประกอบ ;^c25 ซม.
650  4 ^aการพยาบาลอายุรศาสตร์
650  4 ^aอายุรศาสตร์
700 0  ^aศิริรัตน์ ปานอุทัย,^eบรรณาธิการ
700 0  ^aทิพาพร วงศ์หงษ์กุล,^eบรรณาธิการ
710 2  ^aมหาวิทยาลัยเชียงใหม่.^bคณะพยาบาลศาสตร์
945    ^p320^l0^i29590
945    ^p320^l0^i29591
945    ^p320^l0^i29592
995    ^aกัณชพร จุลอักษร
999    ^aกัณชพร
รายการนี้ยังไม่มีแท็ก
คุณยังไม่ได้ล็อกอิน คุณสามารถมีกิจกรรมร่วมกับเว็บไซต์ได้ แต่ต้องล็อกอินก่อน ::
  ล็อกอิน

รายการสื่อสารสนเทศ

ลำดับที่ ประเภท เลขเรียก/บาร์โค้ด สถานที่ สถานะ
1. หนังสือสำรอง
หนังสือสำรอง
WY150 ก469 ล.3 ฉ.1 
  Barcode: 29590
ห้องสมุดวิทยาเขตนครสวรรค์
►หนังสือทั่วไป:l:General Books
บนชั้น
2. วิทยาศาสตร์การแพทย์ และสุขภาพ
วิทยาศาสตร์การแพทย์ และสุขภาพ
WY150 ก469 ล.3 ฉ.2 
  Barcode: 29591
ห้องสมุดวิทยาเขตนครสวรรค์
►หนังสือทั่วไป:l:General Books
บนชั้น
3. วิทยาศาสตร์การแพทย์ และสุขภาพ
วิทยาศาสตร์การแพทย์ และสุขภาพ
WY150 ก469 ล.3 ฉ.3 
  Barcode: 29592
ห้องสมุดวิทยาเขตนครสวรรค์
►หนังสือทั่วไป:l:General Books
บนชั้น

รายการใกล้เคียง
    หัวเรื่อง [การพยาบาลอายุรศาสตร์]
    หัวเรื่อง [อายุรศาสตร์]

BibComment


ยังไม่เคยถูกคอมเมนท์

คอมเมนท์ทรัพยากรรายการนี้
  คอมเมนท์: การปฏิบัติการพยา..


 Copyright 2026. Bcnsprnw @Library